LEADER 01564nam a2200229 i 4500 001 000000227419 003 CaOOAMICUS 005 20140224000000.0 008 140224s1838 xx u000 u lat u 013 $a206321 040 $aSeMil$bita 245 10$aVol. 26. Pars 2. 300 $aP. 193-379. 490 0 $aCollectio selecta Ss. Ecclesiae Patrum : complectens exquisitissima opera tum dogmatica et moralia, tum apologetica et oratoria quae Parisiis incoepta et postmodum interrupta nunc accurantibus nonnullis sacrae eruditionis cultoribus continuatur ;$v54 500 $aFondo Bidoglio. 773 0 $aIoannes : Chrysostomus $tSancti patris Joannis Chrysostomi archiepiscopi constantinopolitani Opera.$dMediolani : Typis Antonii Fontana, 1831-1838.$kCollectio selecta Ss. Ecclesiae Patrum : complectens exquisitissima opera tum dogmatica et moralia, tum apologetica et oratoria quae Parisiis incoepta et postmodum interrupta nunc accurantibus nonnullis sacrae eruditionis cultoribus continuatur$g26$w()5516 830 0$aCollectio selecta Ss. Ecclesiae Patrum : complectens exquisitissima opera tum dogmatica et moralia, tum apologetica et oratoria quae Parisiis incoepta et postmodum interrupta nunc accurantibus nonnullis sacrae eruditionis cultoribus continuatur ;$v54.$0(OLS)http://semarc/title/12635 850 $aSeMil 852 $aSeMil$W1$xVenegono$y1$m2S II 101 FA$j177765$B177765$CSeMilBibl$Z2$F188604 $8I 941 1 $a2 961 $aLascito: Bidoglio don Maurizio 996 $6245$aVol. 26. Pars 2$9(OLS)http://semarc/title/325513 LEADER 00849nas a2200229 i 4500 001 000000240267 003 CaOOAMICUS 005 20150326000000.0 008 150326b1844 xx uu u0 0lat r 013 $a219172 040 $aSeMil$bita 245 10$a1844. 260 $aMilano :$bAgnelli Jacobus Impress. Archiep.,$c1844. 300 $a40 p. ;$c21 cm. 500 $aFondo card. C. M. Martini. 773 0 $tCalendarium Ambrosianum.$dMediolani : Typis Galeatium & filios impressores archiepiscopales, 1800-1969.$w()2075 850 $aSeMil 852 $aSeMil$W1$xVenegono$y1$m203 4 1/45$j190613$B190613$CSeMilBibl$Z2$F201464 $85 941 1 $a4 961 $aLascito: Martini Card. Carlo Maria 996 $6245$a1844$9(OLS)http://semarc/title/341836 996 $6260$aMilano :$bAgnelli Jacobus Impress. Archiep.$9(OLS)http://semarc/publisher/44629